Portrait Photography (Record no. 7117)
[ view plain ]
| 000 -LEADER | |
|---|---|
| fixed length control field | 00208nam a22000857a 4500 |
| 008 - FIXED-LENGTH DATA ELEMENTS--GENERAL INFORMATION | |
| fixed length control field | 170626b xxu||||| |||| 00| 0 eng d |
| 100 ## - MAIN ENTRY--PERSONAL NAME | |
| 9 (RLIN) | 3695 |
| Personal name | Freeman. M |
| 245 ## - TITLE STATEMENT | |
| Title | Portrait Photography |
| 260 ## - PUBLICATION, DISTRIBUTION, ETC. (IMPRINT) | |
| Place of publication, distribution, etc. | New Delhi |
| Date of publication, distribution, etc. | 2004 |
| Withdrawn status | Lost status | Source of classification or shelving scheme | Damaged status | Koha normalized classification for sorting | Not for loan | Home library | Current library | Shelving location | Date acquired | Total Checkouts | Full call number | Barcode | Date last seen | Date last checked out | Price effective from | Koha item type |
|---|---|---|---|---|---|---|---|---|---|---|---|---|---|---|---|---|
| Dewey Decimal Classification | 778_000000000000000 | Good Samaritan School Library | Good Samaritan School Library | GENERAL | 06/26/2017 | 1 | 778 | FRE7531 | 07/27/2018 | 07/23/2018 | 06/26/2017 | BOOK |